[Event "British Columbia-Washington"]
[Site "Victoria"]
[Date "2020.01.19"]
[Round "5.8"]
[White "Lehingrat, Callum"]
[Black "Velea, Stephanie"]
[Result "0-1"]
[WhiteElo "1893"]
[BlackElo "1528"]
[PlyCount "96"]
[EventDate "2020.01.17"]
[EventType "team-match"]
[EventRounds "5"]
[EventCountry "CAN"]
[SourceTitle "EXT 2023"]
[Source "ChessBase"]
[SourceDate "2022.10.05"]
[SourceVersion "1"]
[SourceVersionDate "2022.10.05"]
[SourceQuality "1"]
[WhiteTeam "British Columbia"]
[BlackTeam "Washington"]
[WhiteTeamCountry "CAN"]
[BlackTeamCountry "USA"]

1. Nf3 d5 2. d4 Nf6 3. c4 e6 4. g3 Be7 5. Bg2 c6 6. Qc2 b6 7. 0-0 0-0 8. Nbd2 Bb7 9. e4 Na6 10. cxd5 cxd5 11. e5 Nb4 12. Qb3 Ne4 13. a3 Nc6 14. Re1 Rc8 15. Bf1 Qd7 16. Bd3 Na5 17. Qa2 Nxd2 18. Bxd2 Nc4 19. Bf4 a6 20. Qb1 h6 21. h4 Bc6 22. g4 Bb5 23. a4 Bc6 24. b3 Na5 25. Bxa6 Bb7 26. Bb5 Qd8 27. b4 Nc4 28. g5 h5 29. Qb3 Bc6 30. Bxc6 Rxc6 31. Rec1 Qd7 32. Rc3 Rfc8 33. Rac1 Qb7 34. Kg2 g6 35. b5 R6c7 36. Nd2 Na5 37. Qb2 Rxc3 38. Rxc3 Rc7 39. Qc2 Bd8 40. Nb1 Qc8 41. Bc1 Nc4 42. Kh3 Na5 43. Ba3 Rxc3+ 44. Nxc3 Qc4 45. Qd2 Qf1+ 46. Kg3 Qg1+ 47. Kf3 Qg4+ 48. Ke3 Nc4+ 0-1

[Event "British Columbia-Washington"]
[Site "Victoria"]
[Date "2020.01.18"]
[Round "2.8"]
[White "Velea, Sophie"]
[Black "Lehingrat, Callum"]
[Result "1/2-1/2"]
[WhiteElo "1608"]
[BlackElo "1893"]
[PlyCount "103"]
[EventDate "2020.01.17"]
[EventType "team-match"]
[EventRounds "5"]
[EventCountry "CAN"]
[SourceTitle "EXT 2023"]
[Source "ChessBase"]
[SourceDate "2022.10.05"]
[SourceVersion "1"]
[SourceVersionDate "2022.10.05"]
[SourceQuality "1"]
[WhiteTeam "Washington"]
[BlackTeam "British Columbia"]
[WhiteTeamCountry "USA"]
[BlackTeamCountry "CAN"]

1. e4 c5 2. Nf3 e6 3. d4 cxd4 4. Nxd4 a6 5. Nc3 d6 6. Bd3 Nf6 7. 0-0 b5 8. a3 Bb7 9. Bd2 Nbd7 10. Qe2 Be7 11. Kh1 0-0 12. f4 Nc5 13. Rae1 Re8 14. Nb3 Nxd3 15. cxd3 Rc8 16. d4 Rxc3 17. Bxc3 Nxe4 18. Nd2 f5 19. Nxe4 Bxe4 20. Rc1 Bf6 21. Rfd1 Qa8 22. b4 Kh8 23. Bb2 Qb7 24. Qf2 Rg8 25. Rc3 g5 26. Rg3 g4 27. Rc3 h5 28. Qd2 h4 29. Kg1 Rg7 30. Rdc1 Kh7 31. Rc8 Bd5 32. R8c3 Qb6 33. Re3 Be4 34. Qc3 Re7 35. Rd1 Qb7 36. Qd2 Qb6 37. Qe1 Bd5 38. Qd2 Rg7 39. Qe1 Qb7 40. Qd2 h3 41. g3 Qb6 42. Qf2 Re7 43. Qd2 Ba8 44. Qf2 Bd5 45. Qd2 Kg7 46. Kf1 Kf7 47. Kg1 Ba8 48. Qf2 Bd5 49. Qd2 Rc7 50. Bc3 Re7 51. Bb2 Ba8 52. Qf2 1/2-1/2

[Event "White Rock Semiahmoo op"]
[Site "White Rock"]
[Date "2018.08.06"]
[Round "5.7"]
[White "Lehingrat, Callum"]
[Black "Landingin, Jofrel"]
[Result "1-0"]
[WhiteElo "1982"]
[BlackElo "1816"]
[PlyCount "55"]
[EventDate "2018.08.04"]
[EventType "swiss"]
[EventRounds "6"]
[EventCountry "CAN"]
[SourceTitle "EXT 2022"]
[Source "ChessBase"]
[SourceDate "2021.10.06"]
[SourceVersion "1"]
[SourceVersionDate "2021.10.06"]
[SourceQuality "1"]

1. d4 g6 2. c4 Bg7 3. Nc3 c5 4. d5 e5 5. e4 d6 6. g3 a6 7. Bg2 Qa5 8. Bd2 Qc7 9. Nge2 Bg4 10. h3 Bd7 11. a4 b6 12. 0-0 Qc8 13. Kh2 h5 14. Qb3 Qc7 15. a5 bxa5 16. Na4 Bxa4 17. Qxa4+ Qd7 18. Qxa5 Ra7 19. b4 cxb4 20. Rfb1 Rb7 21. Bxb4 Nf6 22. c5 dxc5 23. Bxc5 Bf8 24. Nc3 Rxb1 25. Rxb1 Bd6 26. Qb6 Bxc5 27. Qxb8+ Qd8 28. Qxd8+ 1-0

[Event "CAN-ch U14"]
[Site "Sault Ste Marie"]
[Date "2017.07.10"]
[Round "7.34"]
[White "Lehingrat, Callum"]
[Black "Bu, Kevin1111"]
[Result "1/2-1/2"]
[WhiteElo "1794"]
[BlackElo "1981"]
[PlyCount "35"]
[EventDate "2017.07.06"]
[EventType "swiss"]
[EventRounds "7"]
[EventCountry "CAN"]
[SourceTitle "EXT 2022"]
[Source "ChessBase"]
[SourceDate "2021.10.06"]
[SourceVersion "1"]
[SourceVersionDate "2021.10.06"]
[SourceQuality "1"]

1. d4 d5 2. c4 e6 3. Nf3 Be7 4. g3 Nf6 5. Bg2 0-0 6. 0-0 Nbd7 7. Qc2 c6 8. Nbd2 b6 9. e4 dxe4 10. Nxe4 Nxe4 11. Qxe4 Bb7 12. Qe2 c5 13. Rd1 Qe8 14. b3 Bf6 15. Bb2 Rc8 16. Rd2 cxd4 17. Bxd4 Qe7 18. Rad1 1/2-1/2

[Event "CAN-ch U14"]
[Site "Windsor"]
[Date "2016.07.06"]
[Round "3.27"]
[White "Lehingrat, Callum"]
[Black "Bu, Kevin1111"]
[Result "0-1"]
[WhiteElo "1688"]
[BlackElo "1916"]
[PlyCount "148"]
[EventDate "2016.07.05"]
[EventType "swiss"]
[EventRounds "7"]
[EventCountry "CAN"]
[SourceTitle "EXT 2022"]
[Source "ChessBase"]
[SourceDate "2021.10.06"]
[SourceVersion "1"]
[SourceVersionDate "2021.10.06"]
[SourceQuality "1"]

1. e4 Nf6 2. e5 Nd5 3. d4 d6 4. c4 Nb6 5. exd6 exd6 6. Nc3 Be7 7. Be3 0-0 8. Rc1 Re8 9. Be2 Bg5 10. Bxg5 Qxg5 11. Kf1 Nc6 12. Nf3 Qf4 13. h3 Bf5 14. g3 Qh6 15. Kg2 Rad8 16. Bd3 Bxd3 17. Qxd3 Nb4 18. Qf1 Qg6 19. b3 Re7 20. Re1 Rde8 21. Rxe7 Rxe7 22. Qb1 Qxb1 23. Rxb1 a6 24. Re1 Kf8 25. Rxe7 Kxe7 26. Ne1 g6 27. f4 f5 28. Kf3 a5 29. a3 Na6 30. Nc2 c6 31. Ne3 Nc7 32. Ke2 Ne6 33. Kd3 Nd7 34. b4 axb4 35. axb4 Nf6 36. d5 Nc7 37. dxc6 bxc6 38. b5 Kd7 39. Kd4 Ne6+ 40. Kd3 Nc5+ 41. Ke2 Nfe4 42. Nxe4 Nxe4 43. g4 fxg4 44. bxc6+ Kxc6 45. Nxg4 h5 46. Ne3 Kc5 47. Ng2 Kxc4 48. Nh4 g5 49. fxg5 Nxg5 50. Nf5 d5 51. Ng7 h4 52. Nf5 Kc3 53. Nxh4 d4 54. Nf5 d3+ 55. Kd1 Nxh3 56. Ne3 Nf2+ 57. Ke1 Ne4 58. Nd1+ Kc2 59. Ne3+ Kc1 60. Nc4 Nc3 61. Kf1 Ne4 62. Ke1 Nd6 63. Nd2 Nf5 64. Nc4 Nd6 65. Nd2 Kc2 66. Nf1 Nc4 67. Kf2 Nd2 68. Ne3+ Kc1 69. Ke1 Nf3+ 70. Kf2 Nd2 71. Ke1 Nf3+ 72. Kf2 Nd4 73. Kf1 d2 74. Kg2 Nc2 0-1